000
002360000a22000970004500
100
1
_a
Athyal, Saphir
245
1
0
_a
Until all Asia hears
300
_a
Vol. 18, Núm 64 (1993), Páginas 12-14
773
0
_t
World Evangelization
942
_c
ANA
999
_c
57785
_d
57785